Missing heads / (Record no. 4354)

MARC details
000 -LEADER
fixed length control field 00886nam a22002777a 4500
001 - CONTROL NUMBER
control field 4354
003 - CONTROL NUMBER IDENTIFIER
control field FISKH
005 - DATE AND TIME OF LATEST TRANSACTION
control field 20240801100301.0
008 - FIXED-LENGTH DATA ELEMENTS--GENERAL INFORMATION
fixed length control field 240801b cb ||||| |||| 00| 0 eng d
020 ## - INTERNATIONAL STANDARD BOOK NUMBER
International Standard Book Number 9781776540556
040 ## - CATALOGING SOURCE
Original cataloging agency FISKH
Language of cataloging eng
Transcribing agency FISKH
Modifying agency FISKH
050 ## - LIBRARY OF CONGRESS CALL NUMBER
Classification number PZ7
082 ## - DEWEY DECIMAL CLASSIFICATION NUMBER
Classification number 428.6
100 ## - MAIN ENTRY--PERSONAL NAME
Personal name Holden, Pam
245 ## - TITLE STATEMENT
Title Missing heads /
Statement of responsibility, etc. Written by Pam Holden ; Illustrated by Lamia Aziz
260 ## - PUBLICATION, DISTRIBUTION, ETC.
Place of publication, distribution, etc. Auckland :
Name of publisher, distributor, etc. Red Rocket Readers,
Date of publication, distribution, etc. 2014
300 ## - PHYSICAL DESCRIPTION
Extent 16 pages ;
Other physical details color illustrations ;
Dimensions 20 cm
505 ## - FORMATTED CONTENTS NOTE
Formatted contents note D<br/>
520 ## - SUMMARY, ETC.
Summary, etc. Have you ever seen a hedgehog rolled up into a ball? A duck looks funny with its head under the water. Read this story to see where all the heads have gone.
521 8# - TARGET AUDIENCE NOTE
Target audience note 170<br/>
Source Lexile<br/>
521 8# - TARGET AUDIENCE NOTE
Target audience note D<br/>
Source Raz-Plus<br/>
650 ## - SUBJECT ADDED ENTRY--TOPICAL TERM
Topical term or geographic name entry element Head
700 ## - ADDED ENTRY--PERSONAL NAME
Personal name Aziz, Lamia
Relator term Illustrator
942 ## - ADDED ENTRY ELEMENTS (KOHA)
Source of classification or shelving scheme Dewey Decimal Classification
Koha item type Books
Suppress in OPAC No
Holdings
Withdrawn status Lost status Source of classification or shelving scheme Damaged status Not for loan Collection Home library Current library Shelving location Date acquired Total Checkouts Full call number Barcode Date last seen Date last checked out Price effective from Koha item type
    Dewey Decimal Classification     Non-Fiction Footprints International School Library Network Toul Kork Campus Footprints International School Library Network Toul Kork Campus TK Primary Library Room(4th Floor), Bookcase 7, Shelves 57-60, Dark Green Books 08/01/2024 1 HOL 428.6 PZ7 FISTK04147 02/10/2026 02/03/2026 08/01/2024 Books